[Event "ch-AUT"]
[Site "Linz AUT"]
[Date "2011.07.27"]
[Round "5"]
[White "Denk,A"]
[Black "Niederwieser,P"]
[Result "1/2-1/2"]
[WhiteElo "2292"]
[BlackElo "2188"]

1.c4 c6 2.e4 d5 3.exd5 cxd5 4.d4 Nf6 5.Nc3 Nc6 6.Nf3 Bg4 7.cxd5 Nxd5 8.Bb5 Nxc3
9.bxc3 Qd5 10.Be2 e6 11.O-O Be7 12.Rb1 Qd7 13.Rb5 O-O 14.a4 Qc7 15.Bd2 a6
16.Rb2 Rfd8 17.Re1 Ba3 18.Rb3 Bd6 19.h3 Bf5 20.c4 Nxd4 21.Nxd4 Bh2+ 22.Kh1 Rxd4
23.Qc1 Bf4 24.Bxf4 Qxf4 25.Qxf4 Rxf4 26.Kg1 Be4 27.g3 Rf6 28.Bf1 Bc6 29.Bg2 Rf5
30.Reb1 g5 31.Bxc6 bxc6 32.Rb8+ Rxb8 33.Rxb8+ Kg7 34.Rb6 Ra5 35.Rxc6 Rxa4
36.c5 Kf6 37.Rc7 h5 38.c6 Rc4 39.Rc8 a5 40.c7 a4 41.Ra8 Rxc7 42.Rxa4 Rc3
43.Kg2 Rd3 44.Ra8 Rd4 45.Ra7 Kg6 46.Ra8 f5 47.Rg8+ Kf6 48.Rf8+ Kg7 49.Re8 Kf7
50.Rb8 h4 51.Ra8 hxg3 52.Kxg3 g4 53.hxg4 Rxg4+ 54.Kf3 Kf6 55.Ra6 Re4 56.Ra8 Rb4
57.Ra6 Ke5 58.Ra3 Rc4 59.Rb3 Ra4 60.Re3+ Kf6 61.Rb3 e5 62.Rb5 Ra3+ 63.Kg2 e4
64.Rb8 Kg5 65.Rg8+ Kf4 66.Re8 e3 67.fxe3+ Rxe3 68.Ra8 Re2+ 69.Kf1 Kf3 70.Rf8 Re5
71.Ra8 f4 72.Ra3+ Re3 73.Ra2 Rb3 74.Rf2+ Kg3 75.Rg2+ Kf3 76.Rf2+ Ke3 77.Re2+ Kf3
78.Rf2+ Ke4 79.Re2+ Kf5 80.Ra2 Kg4 81.Rg2+ Rg3 82.Rh2 Kf3 83.Rf2+ Kg4 84.Rh2 Kf3
85.Rf2+ Ke4 86.Re2+ Re3 87.Ra2 Rh3 88.Re2+ Kd3 89.Re8 Rh2 90.Ra8 Rc2 91.Ra3+ Ke4  1/2-1/2

[Event "2nd ch-Vojvodina"]
[Site "Novi Sad SRB"]
[Date "2011.07.27"]
[Round "5.17"]
[White "Grujic,Z"]
[Black "Ratkovic,Miloj"]
[Result "0-1"]
[WhiteElo "2339"]
[BlackElo "2132"]

1.c4 c6 2.Nc3 d5 3.d4 e5 4.dxe5 d4 5.Ne4 Qa5+ 6.Nd2 Nd7 7.Nf3 Nxe5 8.Nxd4 Nxc4
9.Qb3 Nxd2 10.Bxd2 Qb6 11.Qe3+ Be7 12.Bc3 Nf6 13.Nc2 Qxe3 14.Nxe3 Ne4 15.Nd1 O-O
16.e3 Rd8 17.Bc4 b5 18.Bb3 Ba6 19.Ba5 Rd7 20.f3 Nc5 21.Nf2 b4 22.Rc1 Nxb3
23.axb3 Rc8 24.Ne4 Rd5 25.Ra1 f5 26.Nd2 Rd3 27.Bb6 axb6 28.Rxa6 Rxe3+ 29.Kf2 Bc5
30.Kg3 Re2 31.Nc4 b5 32.Na5 Bf2+ 33.Kh3 g5 34.g4 fxg4+ 35.Kxg4 Rxb2 36.Nxc6 Re8
37.Nxb4 Rxb3 38.Nd5 Bd4 39.Rd1 Bg7 40.Ra7 Rf8 41.Ne7+ Kh8 42.Rdd7 Rb4+ 43.Kg3 Be5+
44.Kf2 Bd4+  0-1

[Event "4th Paleohora Open"]
[Site "Paleochora GRE"]
[Date "2011.07.27"]
[Round "9"]
[White "Banikas,H"]
[Black "Yilmaz,M"]
[Result "1/2-1/2"]
[WhiteElo "2593"]
[BlackElo "2519"]

1.c4 c6 2.Nf3 d5 3.e3 Nf6 4.Nc3 g6 5.d4 Bg7 6.Be2 O-O 7.O-O a6 8.a4 a5 9.Qb3 e6
10.Rd1 Qe7 11.Bd2 Nbd7 12.Qc2 Re8 13.Rac1 b6 14.e4 dxe4 15.Nxe4 Bb7 16.Bf4 Nxe4
17.Qxe4 e5 18.dxe5 Nxe5 19.Bxe5  1/2-1/2

[Event "TCh-POR 1st Div"]
[Site "Torres Vedras POR"]
[Date "2011.07.27"]
[Round "5.5"]
[White "Swinkels,R"]
[Black "Padeiro,J"]
[Result "1-0"]
[WhiteElo "2483"]
[BlackElo "2304"]

1.c4 c6 2.g3 d5 3.Nf3 Nf6 4.Bg2 Bg4 5.Ne5 Bf5 6.cxd5 cxd5 7.Qa4+ Nbd7 8.Nc3 e6
9.g4 Bg6 10.h4 Bd6 11.d4 h5 12.Nxg6 fxg6 13.g5 Ng8 14.e4 Ne7 15.Bh3 Nc6 16.e5 Bb4
17.Bxe6 Nxd4 18.Bxd5 Qc7 19.O-O Bxc3 20.bxc3 Ne2+ 21.Kg2 O-O-O 22.Qxa7 Nxc1
23.Raxc1 Nc5 24.Rfd1 Rhf8 25.Rb1  1-0

[Event "Open Women ch-BUL"]
[Site "Vratsa BUL"]
[Date "2011.07.27"]
[Round "4"]
[White "Chilingirova,P"]
[Black "Dragomirescu,An"]
[Result "0-1"]
[WhiteElo "2147"]
[BlackElo "2190"]

1.c4 c6 2.Nf3 d5 3.e3 Nf6 4.Nc3 a6 5.Qc2 Nbd7 6.d4 b5 7.b3 e6 8.Bd3 Bb7 9.O-O Be7
10.Bb2 bxc4 11.bxc4 dxc4 12.Bxc4 c5 13.Rfd1 cxd4 14.Nxd4 Qc7 15.Qa4 Ng4 16.g3 Ne5
17.Be2 O-O 18.f4 Nc5 19.Qc2 Nc6 20.Nf3 Nb4 21.Qb1 Rfd8 22.Rxd8+ Rxd8 23.Ba3 Ncd3
24.Qb3 Qb6 25.Nd4 Rxd4  0-1

[Event "Open NK"]
[Site "Dieren NED"]
[Date "2011.07.28"]
[Round "9"]
[White "Sowray,P"]
[Black "Van Foreest,Jorden"]
[Result "1-0"]
[WhiteElo "2350"]
[BlackElo "2097"]

1.c4 c6 2.Nf3 d5 3.e3 Nf6 4.Nc3 Bg4 5.h3 Bh5 6.cxd5 Nxd5 7.Be2 e6 8.O-O Be7
9.d4 O-O 10.e4 Nxc3 11.bxc3 Bg6 12.Bd3 c5 13.Rb1 b6 14.Be3 Nc6 15.Qa4 Qc7
16.Rfd1 Rfd8 17.Rbc1 Rd7 18.Bb5 Bxe4 19.Nd2 Bd5 20.dxc5 a6 21.c4 Qc8 22.cxd5 axb5
23.Qxb5 Rxd5 24.Nc4 Rxd1+ 25.Rxd1 bxc5 26.Nb6 Qa6 27.Qxc6 Rb8 28.Nd5 Qa7
29.Nxe7+  1-0

[Event "6th Edmonton International"]
[Site "Edmonton CAN"]
[Date "2011.07.28"]
[Round "2"]
[White "Shabalov,A"]
[Black "Porper,E"]
[Result "1-0"]
[WhiteElo "2577"]
[BlackElo "2444"]

1.c4 c6 2.Nc3 d5 3.d4 Nf6 4.e3 e6 5.Bd2 Nbd7 6.Rc1 a6 7.cxd5 exd5 8.Bd3 Bd6
9.Nge2 O-O 10.O-O Re8 11.f3 c5 12.Bb1 Nb6 13.b3 cxd4 14.Nxd4 Qe7 15.a4 Ba3
16.Rc2 Bb4 17.Re1 Bd7 18.Qe2 Rac8 19.Qd3 Qe5 20.Rcc1 g6 21.Re2 Qh5 22.Rf1 Bd6
23.g4 Bxg4 24.fxg4 Nxg4 25.Nf3 Ne5 26.Nxe5 Rxe5 27.e4 Bb4 28.Rg2 a5 29.Kh1 Rc6
30.Qg3 dxe4 31.Nxe4 Bxd2 32.Nxd2 Rce6 33.Qf2 f6 34.Bd3 Re3 35.Bf5 Re7 36.Be4 Nd5
37.Bxd5+ Qxd5 38.Qxf6 Re8 39.Kg1 Qc5 40.Qf7+ Kh8 41.Qf6+ Kg8 42.Rgf2 Re2
43.Qf4 Rxf2 44.Rxf2 Re1+ 45.Kg2 Qd5+ 46.Nf3 Re4 47.Qb8+ Kg7 48.Qc7+ Kh6 49.h3 Qxb3
50.Nd2 Qxa4 51.Nxe4 Qxe4+ 52.Kh2  1-0

[Event "2nd ch-Vojvodina"]
[Site "Novi Sad SRB"]
[Date "2011.07.28"]
[Round "6.14"]
[White "Stojkovic,Mir"]
[Black "Ratkovic,Miloj"]
[Result "1/2-1/2"]
[WhiteElo "2265"]
[BlackElo "2132"]

1.c4 c6 2.d4 d5 3.Nf3 Nf6 4.Nc3 dxc4 5.a4 Bg4 6.Ne5 Bh5 7.g3 e6 8.Bg2 Be7
9.O-O O-O 10.Nxc4 Nbd7 11.h3 Nb6 12.Ne5 Qc7 13.g4 Bg6 14.Bf4 Bd6 15.Qb3 Rfd8
16.e4 Rab8 17.Rac1 Ne8 18.Nb5 Qe7 19.Nxd6 Nxd6 20.a5 Nd7 21.Nxg6 hxg6 22.Qa3 e5
23.dxe5 Nxe5 24.Rfd1 Qe6 25.Qc3 f6 26.Be3 g5 27.f3 b6 28.axb6 axb6 29.Bf2 Nb5
30.Qc2 c5 31.Qa4 Nd4 32.Bxd4 Ra8 33.Bxe5 Rxa4 34.Rxd8+ Kh7 35.Bc3 b5 36.Be1 Ra2
37.Rxc5 Rxb2 38.Rdd5 Qa6 39.Bf1 Rb1 40.Bc3 b4 41.Rb5 Rxf1+ 42.Kxf1 bxc3 43.Ke1 Qa1+
44.Rd1 Qa4 45.Rbd5 Qb4 46.Rc1 Qb2 47.Kd1 Qb3+ 48.Rc2  1/2-1/2

[Event "2nd ch-Vojvodina"]
[Site "Novi Sad SRB"]
[Date "2011.07.28"]
[Round "7.15"]
[White "Kusina,J"]
[Black "Stojkovic,Mir"]
[Result "0-1"]
[WhiteElo "2092"]
[BlackElo "2265"]

1.c4 c6 2.Nf3 d5 3.d4 Nf6 4.Nc3 dxc4 5.e4 b5 6.Bg5 b4 7.Bxf6 bxc3 8.Bg5 cxb2
9.Rb1 Qa5+ 10.Qd2 c3 11.Qc2 Be6 12.d5 cxd5 13.Nd4 dxe4 14.Nxe6 fxe6 15.Be3 Nc6
16.Be2 g6 17.O-O Bg7 18.Qxe4 Rc8 19.Bg4 O-O 20.Bxe6+ Kh8 21.Bxc8 Rxc8 22.Qe6 Qf5
23.Qb3 Na5 24.Qb4 Nc4 25.h3 Nxe3 26.fxe3 Qxb1 27.Rxb1 c2  0-1

[Event "Czech GM Open A"]
[Site "Pardubice CZE"]
[Date "2011.07.28"]
[Round "7.30"]
[White "Kovacevic,Bl"]
[Black "Antipov,M2"]
[Result "1-0"]
[WhiteElo "2480"]
[BlackElo "2407"]

1.c4 c6 2.Nf3 d5 3.d4 Nf6 4.Qc2 g6 5.Bf4 Bf5 6.Qb3 Qb6 7.e3 Nbd7 8.Nc3 Qxb3
9.axb3 e6 10.h3 h6 11.c5 g5 12.Bh2 a6 13.b4 Rc8 14.Nd2 Be7 15.Nb3 Bd8 16.Na5 Bxa5
17.bxa5 Kd8 18.Ra4 Ra8 19.Rb4 Kc8 20.Be2 Ne8 21.Kd2 Nc7 22.Na4 Bg6 23.h4 f6
24.Bg3 Rh7 25.f3 Nb5 26.Bd3 Bxd3 27.Kxd3 gxh4 28.Rxh4 Kd8 29.Nb6 Nxb6 30.axb6 Ke7
31.Bf4 h5 32.Ra4 Rg8 33.g4 Rgh8 34.g5 Rg8 35.gxf6+ Kxf6 36.Be5+ Kf7 37.Ra1 Rg2
38.Rah1 Rxb2 39.Rxh5 Rxh5 40.Rxh5 Kg6 41.Rh8 Rb3+ 42.Kd2 Rb2+ 43.Ke1 a5 44.Ra8 Na3
45.Rxa5 Nc2+ 46.Kd1 Nxe3+ 47.Kc1 Rc2+ 48.Kb1 Re2 49.Ra7 Nd1 50.Kc1 Nc3 51.Ra3 Re1+
52.Kc2 Nb5 53.Ra8 Rh1 54.Rg8+ Kf5 55.Rg7 Na3+ 56.Kd3 Rb1 57.Rxb7 Rb3+ 58.Ke2 Rb2+
59.Kf1 Nc4 60.Rf7+ Kg6 61.Rf6+ Kg5 62.Rxe6 Nd2+ 63.Ke2 Ne4+ 64.Kd1 Kf5 65.Rxc6 Nf2+
66.Ke1 Nd3+ 67.Kf1 Rf2+ 68.Kg1 Rb2 69.Rc7 Ne1 70.Rf7+ Kg6 71.Rf6+ Kg5 72.c6  1-0

[Event "98th ch-GBR"]
[Site "Sheffield ENG"]
[Date "2011.07.28"]
[Round "4.26"]
[White "Birtwistle,N"]
[Black "Yap,J"]
[Result "1/2-1/2"]
[WhiteElo "2214"]
[BlackElo "2029"]

1.c4 c6 2.e4 d5 3.exd5 cxd5 4.d4 Nf6 5.Nc3 Nc6 6.Nf3 e6 7.Bd3 dxc4 8.Bxc4 a6
9.O-O Be7 10.Be3 b5 11.Bd3 O-O 12.Qe2 Bb7 13.Rac1 Nb4 14.Bb1 Rc8 15.Rfd1 Nbd5
16.Bd2 Nxc3 17.Bxc3 Qd5  1/2-1/2

[Event "98th ch-GBR"]
[Site "Sheffield ENG"]
[Date "2011.07.28"]
[Round "4.12"]
[White "Jaunooby,A"]
[Black "Ledger,A"]
[Result "1/2-1/2"]
[WhiteElo "2130"]
[BlackElo "2435"]

1.c4 c6 2.d4 d5 3.Nf3 Nf6 4.g3 dxc4 5.Bg2 b5 6.Ne5 Bb7 7.a4 a6 8.Nc3 e6 9.O-O Nd5
10.f4 Nd7 11.Ne4 Be7 12.b3 cxb3 13.Qxb3 O-O 14.Nd3 Qb6 15.e3 c5 16.dxc5 Nxc5
17.Ndxc5 Bxc5 18.Nxc5 Qxc5 19.Bd2 Rab8 20.axb5 axb5 21.Rf2 Rfc8 22.Rc1 Qb6
23.Rb1 Ba8 24.f5 b4 25.Bh3 exf5 26.Rxf5 Rd8 27.Bg2 Qe6 28.Rbf1 Nf6 29.Qb2 Bxg2
30.Kxg2 Ng4 31.Rxf7 Ne5 32.Ra7 Qd5+ 33.Kg1 Qc5 34.Qa2+ b3 35.Qa5 Qd6 36.Bc3 Re8
37.Rf5 b2 38.Qa2+ Kh8 39.Bxb2 Qd3 40.Bxe5 Rxe5 41.Qf7 Qxe3+ 42.Rf2 Rg8 43.Kg2  1/2-1/2

[Event "TCh-POR 1st Div"]
[Site "Torres Vedras POR"]
[Date "2011.07.28"]
[Round "6.5"]
[White "Silva,An"]
[Black "Garcia Ortega Mendez,J"]
[Result "1/2-1/2"]
[WhiteElo "2222"]
[BlackElo "2358"]

1.c4 c6 2.g3 d5 3.Bg2 Nf6 4.Nf3 g6 5.O-O Bg7 6.d4 dxc4 7.Na3 c3 8.bxc3 O-O
9.Qb3 Nbd7 10.Nc4 Nb6 11.Ncd2 Nfd7 12.a4 a5 13.Ba3 Re8 14.Ng5 Rf8 15.e4 h6
16.Nh3 Re8 17.e5 Nf8 18.Rab1 Nd5 19.Ne4 Rb8 20.Rbd1 Bg4 21.Rd2 Qc8 22.c4 Bxh3
23.cxd5 cxd5 24.Qxd5 Bxg2  1/2-1/2

[Event "Biel MTO Open"]
[Site "Biel SUI"]
[Date "2011.07.29"]
[Round "11"]
[White "Grachev,B"]
[Black "Tischbierek,R"]
[Result "1-0"]
[WhiteElo "2680"]
[BlackElo "2436"]

1.c4 c6 2.Nf3 d5 3.e3 Nf6 4.d4 Bg4 5.Qb3 Qb6 6.Nc3 e6 7.Nh4 g5 8.h3 Bh5 9.Nf3 Bxf3
10.gxf3 h6 11.Bd2 Nbd7 12.Qc2 Qc7 13.O-O-O Be7 14.Kb1 a6 15.e4 dxc4 16.Bxc4 O-O-O
17.Be3 c5 18.d5 Nb6 19.Bb3 exd5 20.exd5 Kb8 21.Qf5 Nc8 22.Ne4 Nxe4 23.fxe4 Nd6
24.Qf3 f6 25.Rc1 Nf7 26.d6 Bxd6 27.Qxf6 Ne5 28.Rhd1 c4 29.Rd5 b5 30.Bc2 Nc6
31.Rcd1 Be7 32.Qe6 Rxd5 33.exd5 Nd8 34.Qxa6 Qb7 35.Qg6 Rf8 36.d6 Bf6 37.Qxh6 Ne6
38.d7 Qf3 39.Bxg5  1-0

[Event "11th Curacao Open"]
[Site "Curacao AHO"]
[Date "2011.07.29"]
[Round "7"]
[White "Van Wely,L"]
[Black "Kats,A"]
[Result "1-0"]
[WhiteElo "2683"]
[BlackElo "2097"]

1.c4 c6 2.d4 d5 3.Nf3 Nf6 4.Nc3 a6 5.a4 e6 6.g3 Nbd7 7.Bg2 Bd6 8.O-O O-O
9.Qc2 dxc4 10.Nd2 e5 11.Nxc4 Bc7 12.Rd1 Qe7 13.b3 exd4 14.Rxd4 c5 15.Ba3 Rb8
16.a5 Re8 17.Rad1 Nf8 18.Nd5 Nxd5 19.Rxd5 Qxe2 20.Qxe2 Rxe2 21.Rxc5 Ne6 22.Rxc7 Nxc7
23.Bd6 Bg4 24.h3 Bh5 25.Bxc7 Re7 26.Bxb8 Bxd1 27.b4 Ba4 28.Bd6 Re1+ 29.Kh2 Bb5
30.Nb6 Re6 31.Nc8 Bc6 32.Ne7+ Kf8 33.Nf5+ Kg8 34.Bxc6 bxc6 35.Bc5 g5 36.g4 h6
37.Kg3 Kh8 38.Nd4 Rg6 39.Be7 Kg8 40.Kf3 f6 41.Bc5 Kf7 42.Nxc6 Rg8 43.Ke4 Ke6
44.Nd4+ Kf7 45.Kd5 h5 46.b5 axb5 47.a6  1-0

[Event "TCh-POR 1st Div"]
[Site "Torres Vedras POR"]
[Date "2011.07.29"]
[Round "7.2"]
[White "Ftacnik,L"]
[Black "Garcia Rodriguez,Vi"]
[Result "1-0"]
[WhiteElo "2556"]
[BlackElo "2222"]

1.c4 c6 2.Nf3 Nf6 3.Nc3 d5 4.e3 g6 5.d4 Bg7 6.Bd3 O-O 7.O-O a6 8.h3 b5 9.b3 b4
10.Na4 Nfd7 11.Bb2 Nb6 12.Nxb6 Qxb6 13.a3 Re8 14.axb4 Qxb4 15.Qc2 Nd7 16.Ra4 Qb7
17.cxd5 cxd5 18.Rfa1 Nb8 19.Bc3 Bd7 20.Ra5 Rc8 21.Qb2 Rc6 22.Rxd5 Rxc3 23.Rxd7 Qc8
24.Rd8+ Qxd8 25.Qxc3 e6 26.Ra4 Bf6 27.Be4 Ra7 28.Rc4 Qd6 29.Rc8+ Kg7 30.Qc5 Qxc5
31.dxc5 Nd7 32.Nd4 Be5 33.Nc6 Rc7 34.Nxe5 Rxc8 35.Nxd7 Rc7 36.c6 f5 37.Nc5 Kf6
38.Nxa6 Rc8 39.Bf3 e5 40.Bd5 Ke7 41.c7  1-0

[Event "26th Avoine Open"]
[Site "Avoine FRA"]
[Date "2011.07.30"]
[Round "8"]
[White "Heurtebize,C"]
[Black "David,Vi"]
[Result "0-1"]
[WhiteElo "2084"]
[BlackElo "2386"]

1.c4 c6 2.Nf3 d5 3.b3 Nf6 4.g3 Bg4 5.Bg2 Nbd7 6.Bb2 e6 7.O-O Bd6 8.d3 O-O
9.Nbd2 e5 10.h3 Bh5 11.cxd5 Bxf3 12.Nxf3 cxd5 13.Qd2 Re8 14.Rac1 a5 15.Nh4 Qb6
16.Nf5 Bf8 17.Ne3 Qb5 18.g4 h6 19.Nf5 a4 20.Ba1 Ra6 21.Rb1 a3 22.Kh1 Kh7
23.g5 Nh5 24.gxh6 g6 25.Ng7 Nxg7 26.hxg7 Bxg7 27.Qe3 Nf6 28.f4 d4 29.Qd2 Nh5
30.Kh2 Nxf4 31.Bf3 Qd7 32.Bg4 f5 33.Bf3 e4 34.dxe4 fxe4 35.Bg4 Qd6 36.Kh1 e3
37.Qe1 Be5 38.Rd1 Rf8 39.Qh4+ Kg7 40.Rf3 Nxe2 41.Qg5 Rxf3 42.Bxf3 Ng3+ 43.Kg2 Nf5
44.Bxb7 Rc6 45.Kh1  0-1

[Event "15th Godesburg Open"]
[Site "Bad Godesberg GER"]
[Date "2011.07.30"]
[Round "8.10"]
[White "Jordans,R"]
[Black "Kautz,S"]
[Result "1-0"]
[WhiteElo "1872"]
[BlackElo "1995"]

1.c4 c6 2.g3 Nf6 3.Bg2 d5 4.Nf3 Bf5 5.Na3 h6 6.O-O e6 7.b3 Be7 8.Bb2 O-O
9.d3 Nbd7 10.Nc2 a5 11.Ne3 Bh7 12.a3 b5 13.cxb5 cxb5 14.Nd4 Qb6 15.Rc1 Rfc8
16.Qd2 Bxa3 17.Rxc8+ Rxc8 18.Bxa3 Qxd4 19.Qxa5 Qb6 20.Qb4 Bg6 21.h3 Nb8 22.Bb2 Nfd7
23.Ra1 Nc6 24.Qd6 Ndb8 25.Ra8 Rd8 26.Qa3 Kh7 27.Qa1 f6 28.g4 Qc7 29.Bf3 d4
30.Nc2 e5 31.Qc1 Qb7 32.Ra1 Qb6 33.Qd2 Bf7 34.Be4+ g6 35.Bc1  1-0

[Event "Politiken Cup"]
[Site "Helsingor DEN"]
[Date "2011.07.30"]
[Round "1.16"]
[White "Munk,Po"]
[Black "Hector,J"]
[Result "0-1"]
[WhiteElo "1942"]
[BlackElo "2568"]

1.c4 c6 2.Nc3 d5 3.cxd5 cxd5 4.d4 e5 5.e3 e4 6.Qb3 Nf6 7.Bb5+ Nc6 8.Nge2 Bd6
9.Bd2 a6 10.Bxc6+ bxc6 11.Rc1 O-O 12.Na4 Rb8 13.Qc2 Ng4 14.h3 Qh4 15.g3 Qh5
16.Nf4 Bxf4 17.exf4 Nxf2 18.Kxf2 Qf3+ 19.Kg1 Qxg3+ 20.Kf1 Bxh3+ 21.Rxh3 Qxh3+  0-1

[Event "Politiken Cup"]
[Site "Helsingor DEN"]
[Date "2011.07.30"]
[Round "1.54"]
[White "Patuzzo,F"]
[Black "Erikstad,O"]
[Result "1-0"]
[WhiteElo "2274"]
[BlackElo "1844"]

1.c4 c6 2.Nf3 d5 3.e3 Nf6 4.Nc3 Nbd7 5.Qc2 e5 6.cxd5 cxd5 7.Nb5 Bc5 8.Nxe5 O-O
9.Nxd7 Nxd7 10.d4 Bb4+ 11.Bd2 Bxd2+ 12.Qxd2 Nb6 13.Rc1 Bf5 14.Bd3 Bxd3 15.Qxd3 Nc4
16.b3 Qa5+ 17.Nc3 Nd6 18.O-O f5 19.Na4 Rac8 20.Rc5 Rxc5 21.dxc5 Ne4 22.Qxd5+ Kh8
23.Qxb7 Nxc5 24.Qe7 Rc8 25.Qe5 Nxb3 26.Qe6 Qd8 27.axb3 Rc2 28.Qxf5 Rd2 29.h3 Rd1
30.Rxd1 Qxd1+ 31.Kh2 h6 32.Nc5 Qd6+ 33.f4  1-0

[Event "Czech GM Open A"]
[Site "Pardubice CZE"]
[Date "2011.07.30"]
[Round "9.10"]
[White "Grigoriants,S RUS"]
[Black "Michiels,B"]
[Result "1/2-1/2"]
[WhiteElo "2566"]
[BlackElo "2489"]

1.c4 c6 2.d4 d5 3.Nf3 Nf6 4.Nc3 e6 5.g3 Nbd7 6.Bg2 Be7 7.O-O O-O 8.b3 b6
9.Nd2 Bb7 10.e4 dxe4 11.Ndxe4 Nxe4 12.Nxe4 Nf6 13.Bf4 Nxe4 14.Bxe4 Qd7 15.Qc2 f5
16.Bg2 c5 17.d5 exd5 18.Bxd5+ Bxd5 19.Rad1 Rad8 20.Rxd5 Qe6 21.Rfd1 Bf6 22.Be3 Rfe8
23.Qd3 Rxd5 24.Qxd5 Qxd5 25.Rxd5 Rd8 26.Rxd8+ Bxd8 27.Bf4 Kf7 28.f3 Ke6 29.Kf2 Bf6
30.Bb8 Kd7 31.g4 fxg4 32.fxg4 Be7 33.Be5 g6 34.Kf3 Bd6 35.Kf4 h6 36.Ke4 Ke6
37.Bg7 Bxh2 38.Bxh6 Be5 39.Bg5 Bc7 40.Bh4 Bd6 41.Bd8 Bg3 42.Bg5 Bd6 43.Bd2 Bc7
44.a3 Bd6 45.Be3 Bc7 46.Bg1 Bd6 47.Bf2 Bc7 48.Be3 Be5 49.a4 Bc3 50.Bf4 Ba5
51.Bb8 a6 52.Ke3 Bb4 53.Kf3 Ba5 54.Kf4 Bd2+ 55.Ke4 Ba5 56.Bc7 Kd7 57.Bf4 Ke6
58.Be3 Be1 59.Bg1 Bd2 60.Bf2 Bc3 61.Bh4 Ba5 62.Bg5 Bb4 63.Bf4 Ba5 64.Bh2 Bb4
65.Bc7 Ba5 66.Kf4 Bd2+ 67.Kg3 Be1+ 68.Kh3 Ba5 69.Kh4 Kf6 70.Bd8+ Kf7 71.Kg3 Ke6
72.Kf4 Bd2+ 73.Kf3 Ba5 74.Ke4 Kd7 75.Bg5 Ke6 76.Bh6 Bb4 77.Bc1 Bc3 78.Kf4 Kf6
79.Be3 Be1 80.Ke4 Ke6 81.Bf4 Ba5 82.Bc1  1/2-1/2

[Event "Politiken Cup"]
[Site "Helsingor DEN"]
[Date "2011.07.31"]
[Round "3.15"]
[White "Patuzzo,F"]
[Black "Hector,J"]
[Result "0-1"]
[WhiteElo "2274"]
[BlackElo "2568"]

1.c4 c6 2.Nf3 d5 3.e3 Nf6 4.Nc3 e6 5.Qc2 Bd6 6.b3 e5 7.cxd5 cxd5 8.Nb5 Nc6
9.Nxd6+ Qxd6 10.Bb2 Bg4 11.Rc1 O-O 12.Qc5 Qe6 13.h3 Ne4 14.Ng5 Nxg5 15.hxg4 Qxg4
16.Qxd5 Rad8 17.Qc4 e4 18.d4 Ne7 19.Qe2 Qf5 20.Rc5 Nd5 21.Ba3 Rfe8 22.Qd2 Ne6
23.Rc2 Ndf4 24.Rc4 b5 25.Rc6 Nxd4 26.exd4 Nd3+ 27.Bxd3 exd3+ 28.Kd1 Re2 29.Qa5 Rde8
30.Bb4 Qg4 31.f3 Qxg2 32.Re1 Qxf3 33.Kc1 Qxc6+ 34.Bc5 Rxe1+ 35.Kb2 h6  0-1

[Event "Politiken Cup"]
[Site "Helsingor DEN"]
[Date "2011.07.31"]
[Round "3.28"]
[White "Jepson,C"]
[Black "Frisvold,O"]
[Result "1/2-1/2"]
[WhiteElo "2405"]
[BlackElo "1983"]

1.c4 c6 2.Nf3 d5 3.d4 Nf6 4.e3 Bf5 5.Nc3 e6 6.Nh4 Bg6 7.Qb3 Qb6 8.Be2 Qxb3
9.axb3 Bc2 10.Bd1 Bxd1 11.Kxd1 Be7 12.Nf3 O-O 13.Bd2 Ne4 14.Ke2 Nd7 15.Rhc1 Ndf6
16.Na4 Nxd2 17.Nxd2 Bb4 18.Nf3 Nd7 19.Rc2 Nb6 20.Ne5 Nxa4 21.bxa4 Bd6 22.Nd3 Rfc8
23.b4 dxc4 24.Rxc4 a5 25.bxa5 Rxa5 26.Rb1 Ra7 27.e4 g6 28.f4 Rca8 29.Ke3 Rxa4
30.Rxa4 Rxa4 31.Rxb7 Ra3 32.e5 Bf8 33.Ke4 Ra2 34.Rb2 Ra4 35.Rc2 c5 36.Nxc5 Bxc5
37.Rxc5 Ra2 38.Kf3 Ra3+ 39.Ke4 Ra2 40.g4 Re2+ 41.Kf3 Rxh2 42.d5 exd5 43.f5 gxf5
44.gxf5 Kf8 45.Rxd5 Rh4 46.Ra5 Ke7 47.Ra7+ Ke8 48.Ra8+ Ke7 49.Ke3 Rb4 50.Rh8 Rh4
51.Kf3 Kd7 52.Kg3 Re4 53.Rxh7 Ke8 54.e6 fxe6 55.f6 Kf8 56.Re7 e5 57.Kf3 Rf4+
58.Ke3 Rxf6  1/2-1/2

[Event "ch-AUT"]
[Site "Linz AUT"]
[Date "2011.07.31"]
[Round "9"]
[White "Denk,A"]
[Black "Leitner,G"]
[Result "0-1"]
[WhiteElo "2292"]
[BlackElo "2212"]

1.c4 c6 2.e4 d5 3.exd5 cxd5 4.d4 Nf6 5.Nc3 g6 6.Nf3 Bg7 7.cxd5 Nxd5 8.Bb5+ Bd7
9.Qe2 Nxc3 10.bxc3 Qa5 11.Bxd7+ Nxd7 12.Bd2 O-O 13.O-O e5 14.Rfb1 Qc7 15.a4 Rfe8
16.Qb5 Rab8 17.a5 e4 18.Ne1 Nf6 19.g3 Bf8 20.Ra4 Bd6 21.Ng2 Ng4 22.Qe2 Qd7
23.Ra2 h5 24.c4 b6 25.axb6 axb6 26.Rab2 Bc7 27.Be3 Rbd8 28.Rb5 Kg7 29.d5 Ne5
30.Bd4 Kh7 31.Qxe4 Nxc4 32.Qd3 Nd6 33.R5b3 Nf5 34.Bf6 Ra8 35.R3b2 Ra5 36.Rd2 Be5
37.Bxe5 Rxe5 38.Nf4 Nd6 39.Rxb6 Re1+ 40.Kg2 Raa1 41.Nh3 Ne4 42.Rdb2 Rad1
43.Qb3 Kh6 44.Re2 Ng5 45.Nxg5 Rg1+ 46.Kf3 Qg4+ 47.Ke3 Qd4+  0-1

[Event "Pays de Charleroi Open"]
[Site "Charleroi BEL"]
[Date "2011.08.01"]
[Round "3.17"]
[White "Prioux,M"]
[Black "Di Cosmo,J"]
[Result "1/2-1/2"]
[WhiteElo "1823"]
[BlackElo "2073"]

1.c4 c6 2.Nf3 d5 3.Qc2 Nf6 4.e3 Nbd7 5.Nc3 a6 6.d4 e6 7.b3 Bd6 8.Bb2 O-O
9.Bd3 e5 10.dxe5 Nxe5 11.Nxe5 Bxe5 12.cxd5 cxd5 13.Ne2 Qd6 14.Bxe5 Qxe5 15.O-O h5
16.Qc3 Qd6 17.Rac1 Ng4 18.Qc7 Qf6 19.Qf4 Qb6 20.Qd4 Qd6 21.Qf4 Qb6  1/2-1/2

[Event "98th ch-GBR"]
[Site "Sheffield ENG"]
[Date "2011.08.01"]
[Round "7.18"]
[White "Griffiths,R"]
[Black "Lalic,P"]
[Result "1-0"]
[WhiteElo "2301"]
[BlackElo "1978"]

1.c4 c6 2.g3 d5 3.Nf3 Nf6 4.Bg2 Bf5 5.cxd5 cxd5 6.Qb3 Nc6 7.Qxb7 Bd7 8.Qb3 e5
9.O-O Bd6 10.Nc3 Rb8 11.Qd1 d4 12.Na4 h6 13.d3 Ne7 14.Nd2 Rb4 15.b3 Bxa4
16.bxa4 Rb8 17.Nc4 Ned5 18.Bd2 O-O 19.Rb1 Qd7 20.Rb5 Bc7 21.Rb3 Kh7 22.a5 Rb5
23.Qc2 Rfb8 24.Rfb1 a6 25.Rxb5 Rxb5 26.Rb3 Qd8 27.a4 Rxb3 28.Qxb3 Qb8 29.Nb6 Nc3
30.Bxc3 dxc3 31.Qxc3 Bxb6 32.axb6 Qxb6 33.Qxe5 Qb1+ 34.Bf1 Qb6 35.d4 g6 36.h3 a5
37.e3 Kg7 38.Qb5 Qc7 39.Qc5 Qd8 40.Bg2 Ne8 41.Qd5 Nd6 42.Qe5+ Kg8 43.h4 h5
44.Bc6 Qc7 45.d5 Qb8 46.Kg2 Qb4 47.Qf4 Ne4 48.Bb5 Qe7 49.Bd3 Nc5 50.Qb8+ Kg7
51.Qb2+ Kg8 52.Qd4 Qd6 53.e4 Ne6 54.Qf6 Qd8 55.Qxd8+ Nxd8 56.e5  1-0

[Event "98th ch-GBR"]
[Site "Sheffield ENG"]
[Date "2011.08.01"]
[Round "7.4"]
[White "Conquest,S"]
[Black "Houska,Jo"]
[Result "1/2-1/2"]
[WhiteElo "2519"]
[BlackElo "2418"]

1.c4 c6 2.e3 d5 3.b3 Bf5 4.Bb2 e6 5.Nf3 Nd7 6.Be2 h6 7.O-O Ngf6 8.d3 Bc5
9.Na3 O-O 10.Nc2 Qe7 11.Qd2 Rfd8 12.cxd5 cxd5 13.Rfc1 Rac8 14.Ne5 Nxe5 15.Bxe5 Nd7
16.Bb2 a6 17.Qd1 Bg6 18.g3 Rc7 19.Ne1 Rdc8 20.Rc2 Ba3 21.Rac1 Rxc2 22.Rxc2 Rxc2
23.Qxc2 Bxb2 24.Qxb2 Qc5 25.h4 f6 26.Bg4 Nf8 27.Bh3 Be8 28.Nf3 Bh5 29.Bg2 Bxf3
30.Bxf3 a5 31.d4 Qc7 32.Qe2 f5 33.Qd2  1/2-1/2

[Event "37th Badalona Open A"]
[Site "Badalona ESP"]
[Date "2011.08.02"]
[Round "2"]
[White "Moskalenko,V1"]
[Black "Gomez Jurado,L"]
[Result "1-0"]
[WhiteElo "2591"]
[BlackElo "2353"]

1.c4 c6 2.e4 d5 3.exd5 cxd5 4.d4 Nf6 5.Nc3 e6 6.Nf3 Nc6 7.a3 Be7 8.c5 Ne4
9.Qc2 f5 10.Bb5 O-O 11.O-O Bf6 12.Bxc6 bxc6 13.Bf4 g5 14.Be5 g4 15.Bxf6 Rxf6
16.Ne5 Rh6 17.Nxe4 dxe4 18.Qd2 Qh4 19.Qf4 Bb7 20.Rfe1 Rd8 21.Rad1 Rf6 22.h3 h6
23.hxg4 Kh7 24.Re3 Qg5 25.Qxg5 hxg5 26.Rh3+ Kg7  1-0

[Event "Politiken Cup"]
[Site "Helsingor DEN"]
[Date "2011.08.02"]
[Round "5.51"]
[White "Johansson,Th1"]
[Black "Frisvold,O"]
[Result "1-0"]
[WhiteElo "2207"]
[BlackElo "1983"]

1.c4 c6 2.Nf3 Nf6 3.Nc3 d5 4.e3 e6 5.b3 Bd6 6.Bb2 O-O 7.Be2 e5 8.cxd5 cxd5
9.Nb5 e4 10.Nfd4 Nc6 11.Nxd6 Qxd6 12.f4 Bd7 13.Nb5 Qe7 14.O-O Rfc8 15.a4 Nb4
16.Nd4 Bc6 17.a5 Qe8 18.Nf5 Bb5 19.Bxb5 Qxb5 20.Bxf6 Qa6 21.Bxg7 Rc6 22.Bc3  1-0

[Event "Politiken Cup"]
[Site "Helsingor DEN"]
[Date "2011.08.02"]
[Round "5.48"]
[White "Petersen,Nil"]
[Black "Jorgensen,D"]
[Result "0-1"]
[WhiteElo "2051"]
[BlackElo "2231"]

1.c4 c6 2.g3 d5 3.Nf3 Nf6 4.Bg2 Bf5 5.b3 e6 6.O-O h6 7.d3 Be7 8.Bb2 O-O 9.Nbd2 Nbd7
10.Qc2 Bh7 11.Rac1 Qb8 12.cxd5 exd5 13.Rce1 Re8 14.Bh3 Bd6 15.Nd4 a5 16.Nf5 Be5
17.f4 Qa7+ 18.Kh1 Bxb2 19.Qxb2 Bxf5 20.Bxf5 Re3 21.Rf3 Rae8 22.Rxe3 Qxe3
23.Bxd7 Nxd7 24.Nf3 Qf2 25.Qd2 Nf6 26.Qd1 Ng4 27.e4 Qxa2 28.Qe2 Qxe2 29.Rxe2 dxe4
30.h3 Nf6 31.dxe4 Rxe4 32.Ra2 Re3 33.Kg2 Rxb3 34.Rxa5 Ne4 35.g4 Rb2+ 36.Kg1 Nf2
37.Kf1 Nxh3 38.Ne5 Rf2+ 39.Ke1 Rxf4 40.Ra8+ Kh7  0-1